BODY OF KNOWLEDGE FOR MODELING AND SIMULATION (Record no. 216694)
[ view plain ]
| 000 -LEADER | |
|---|---|
| fixed length control field | 00548nam a22001697a 4500 |
| 008 - FIXED-LENGTH DATA ELEMENTS--GENERAL INFORMATION | |
| fixed length control field | 260226b |||||||| |||| 00| 0 eng d |
| 020 ## - INTERNATIONAL STANDARD BOOK NUMBER | |
| International Standard Book Number | 978-3-031-11085-6 |
| 100 ## - MAIN ENTRY--PERSONAL NAME | |
| Personal name | OREN, TUNCER (EDITOR) |
| 245 ## - TITLE STATEMENT | |
| Title | BODY OF KNOWLEDGE FOR MODELING AND SIMULATION |
| Remainder of title | A HANDBOOK BY THE SOCIETY FOR MODELING AND SIMULATION INTERNATIONAL |
| 260 ## - PUBLICATION, DISTRIBUTION, ETC. | |
| Place of publication, distribution, etc. | CHAM, SWITZERLAND |
| Name of publisher, distributor, etc. | SPRINGER |
| Date of publication, distribution, etc. | 2023 |
| 300 ## - PHYSICAL DESCRIPTION | |
| Extent | XV,548P. |
| 500 ## - GENERAL NOTE | |
| General note | INCLUDES INDEX |
| 650 ## - SUBJECT ADDED ENTRY | |
| Topical term or geographic name entry element | SIMULATION AND MODELING |
| 700 ## - ADDED ENTRY--PERSONAL NAME | |
| Personal name | ZEIGLER, BERNARD P. |
| 942 ## - ADDED ENTRY ELEMENTS (KOHA) | |
| Source of classification or shelving scheme | Library of Congress Classification |
| Koha item type | Long Loan Book |
| Withdrawn status | Lost status | Source of classification or shelving scheme | Damaged status | Not for loan | Collection | Home library | Current library | Shelving location | Date acquired | Inventory number | Total checkouts | Full call number | Barcode | Date last seen | Copy number | Price effective from | Koha item type |
|---|---|---|---|---|---|---|---|---|---|---|---|---|---|---|---|---|---|
| Library of Congress Classification | Science & Technology | Kisii University Library | Kisii University Library | On Display | 02/26/2026 | 111560 | QA 76.9 .B63 2023 | A000689 | 02/26/2026 | 1 | 02/26/2026 | Long Loan Book | |||||
| Library of Congress Classification | Science & Technology | Kisii University Library | Kisii University Library | On Display | 02/26/2026 | 111561 | QA 76.9 .B63 2023 | A000687 | 02/26/2026 | 2 | 02/26/2026 | Long Loan Book | |||||
| Library of Congress Classification | Science & Technology | Kisii University Library | Kisii University Library | On Display | 02/26/2026 | 111562 | QA 76.9 .B63 2023 | A000688 | 02/26/2026 | 3 | 02/26/2026 | Long Loan Book |